000 00569nam a22002297a 4500
003 UA-OsUOA
001 39423
007 ta
008 20080409b un ||||| |||| 00| 0 ukr d
100 _aЛазарев В.Н.
090 _a7.04
_bЛ17
942 _cBK
040 _aUA-OsUOA
_brus
_cUA-OsUOA
_dUA-OsUOA
245 _aНовгородская иконопись
300 _a199 с.
955 _a1
041 _arus
080 _a7.04
260 _aМосква
_c1969
650 7 _a7.0 Загальні питання мистецтва
_2UDC
999 _c437896
_d437896